Sports Quiz

Random Sports or Baseball Quiz

Classified Pitches Thrown in MLB Quiz Stats

 Plays Quiz not verified by Sporcle

Challenge
Share
Tweet
Embed
Score 0/22 Timer 05:00
0 Plays Today
Renowned pitcher to use pitch Pitch % Correct
Joel ZumayaFastball
93.7%
Fransisco RodriguezSlider
92.4%
Tim LincecumChangeup
91.5%
Barry ZitoCurveball
91%
Hoyt WilhelmKnuckleball
84%
Mariano RiveraCutter
78.2%
Bruce SutterSplitter
74.6%
Brandon WebbSinker
71.7%
Kerry WoodSlurve
64.7%
Johan SantanaCircle Change
64.7%
Carl HubbelScrewball
57.3%
Renowned pitcher to use pitch Pitch % Correct
Carlos ZambranoTwo Seam Fastball
55.7%
Gaylord PerrySpitball
55.7%
Daisuke MatsuzakaGyroball
50.1%
Chien-Ming WangForkball
49%
Cliff LeeKnuckle Curve
48.3%
Orlando HernandezEephus
37.3%
Trevor HoffmanPalmball
35.3%
Masaji Hiramatsu (hard)Shuuto
9.7%
Mike Boddicker (hard)Fosh
6.5%
Sandy Koufax (hard)Yellow Hammer
5.4%
Dwight Gooden (hard)Lord Charles
2%

You're not logged in!

Compare scores with friends on all Sporcle quizzes.
OR
Log In

You Might Also Like...

Show Comments

Extras

Top Quizzes Today


Score Distribution

Your Account Isn't Verified!

In order to create a playlist on Sporcle, you need to verify the email address you used during registration. Go to your Sporcle Settings to finish the process.

Report this User

Report this user for behavior that violates our Community Guidelines.

Details: